[Event "HUN-chT2 Toth 1819"]
[Site "Hungary"]
[Date "2018.09.23"]
[Round "1.1"]
[White "Balogh, Ferenc"]
[Black "Miklos, Csaba"]
[Result "0-1"]
[WhiteElo "1973"]
[BlackElo "1961"]
[PlyCount "118"]
[EventDate "2018.09.23"]
[EventType "team-tourn"]
[EventRounds "11"]
[EventCountry "HUN"]
[SourceTitle "EXT 2021"]
[Source "ChessBase"]
[SourceDate "2020.10.23"]
[SourceVersion "1"]
[SourceVersionDate "2020.10.23"]
[SourceQuality "1"]
[WhiteTeam "Felegyhaza Csongrad"]
[BlackTeam "Kecskemet Takisz"]
[WhiteTeamCountry "HUN"]
[BlackTeamCountry "HUN"]

1. d4 Nf6 2. c4 e6 3. Nc3 Bb4 4. Nf3 0-0 5. Bg5 c5 6. e3 Qa5 7. Bd3 cxd4 8. Bxf6 dxc3 9. Bxc3 Bxc3+ 10. bxc3 Qxc3+ 11. Ke2 Qb2+ 12. Bc2 Qf6 13. h4 Nc6 14. Rb1 b6 15. Ng5 g6 16. Ne4 Qe7 17. Nd6 Ba6 18. Rh3 Ne5 19. Bb3 f6 20. f4 Nf7 21. Nb5 Bxb5 22. cxb5 d5 23. g4 Nd6 24. a4 Ne4 25. Qd4 Rac8 26. Kf3 Rc5 27. g5 fxg5 28. h5 g4+ 29. Kxg4 Nf2+ 30. Kg3 Nxh3 31. Kxh3 Qf6 32. Qxf6 Rxf6 33. hxg6 hxg6 34. Re1 Kg7 35. Kg4 Rc3 36. Bd1 Rf7 37. Re2 Rfc7 38. e4 d4 39. Rd2 Rd7 40. f5 e5 41. Kg5 Rg3+ 42. Bg4 Rd6 43. Rc2 Rc3 44. Rh2 d3 45. fxg6 Rxg6+ 46. Kf5 Rc2 47. Rh3 Rf2+ 48. Kxe5 Rxg4 49. Rxd3 Rf7 50. Rd4 Rg5+ 51. Kd6 Rg6+ 52. Ke5 Re7+ 53. Kf5 Rf6+ 54. Kg5 Re5+ 55. Kg4 Rf7 56. Rc4 Kf6 57. Rc6+ Re6 58. Rc4 Ke5 59. Kg5 Rd6 0-1

[Event "HUN-chT Csongrad Region"]
[Site "Hungary"]
[Date "2016.04.24"]
[Round "9.1"]
[White "Miko, Valer"]
[Black "Balogh, Ferenc"]
[Result "1-0"]
[WhiteElo "2078"]
[BlackElo "1870"]
[PlyCount "61"]
[EventDate "2015.09.20"]
[EventType "team-tourn"]
[EventRounds "9"]
[EventCountry "HUN"]
[SourceTitle "EXT 2017"]
[Source "ChessBase"]
[SourceDate "2016.10.25"]
[SourceVersion "1"]
[SourceVersionDate "2016.10.25"]
[SourceQuality "1"]

1. e4 e6 2. d4 d5 3. Nc3 Nf6 4. Bg5 Be7 5. e5 Nfd7 6. h4 Bxg5 7. hxg5 Qxg5 8. Nh3 Qe7 9. Nf4 Nc6 10. Nb5 Nb6 11. Qg4 g6 12. 0-0-0 a6 13. Nc3 Bd7 14. Rh6 0-0-0 15. Qh3 f5 16. Nxg6 hxg6 17. Rxh8 Qg5+ 18. Kb1 Qf4 19. Qh4 Qxh4 20. Rxh4 g5 21. Rh6 Rg8 22. Ne2 Nd8 23. Ng3 Be8 24. Be2 c5 25. c3 Nd7 26. Bh5 Bxh5 27. Nxh5 cxd4 28. cxd4 Nf8 29. Nf6 Rg7 30. Rh8 Rf7 31. Ne8 1-0

[Event "HUN-chT2 Toth 1516"]
[Site "Hungary"]
[Date "2015.12.06"]
[Round "6.3"]
[White "Borus, Andras"]
[Black "Balogh, Ferenc"]
[Result "1-0"]
[WhiteElo "2053"]
[BlackElo "1965"]
[PlyCount "61"]
[EventDate "2015.09.13"]
[EventType "team-tourn"]
[EventRounds "11"]
[EventCountry "HUN"]
[SourceTitle "CBM 170 Extra"]
[Source "ChessBase"]
[SourceDate "2016.02.25"]
[SourceVersion "1"]
[SourceVersionDate "2016.02.25"]
[SourceQuality "1"]
[WhiteTeam "Maroczy II"]
[BlackTeam "Felegyhaza Csongrad"]
[WhiteTeamCountry "HUN"]
[BlackTeamCountry "HUN"]

1. Nf3 d5 2. g3 Nf6 3. Bg2 Bf5 4. d3 e6 5. Nbd2 c5 6. 0-0 Be7 7. Qe1 Nc6 8. a3 Qc7 9. b3 0-0 10. Bb2 d4 11. e4 Bg6 12. Bc1 e5 13. Nh4 Nd7 14. Nxg6 hxg6 15. Qe2 f6 16. Qg4 g5 17. Bh3 Rad8 18. Qh5 f5 19. Bxf5 Rxf5 20. exf5 Rf8 21. Ne4 Rxf5 22. Qg6 Rf7 23. Bxg5 Nf8 24. Qh5 Nh7 25. Bd2 Qd7 26. Rad1 Rf5 27. Qe2 Qe6 28. f4 Qg6 29. Qg2 Bf8 30. g4 Rf7 31. f5 1-0

[Event "HUN-chT Csongrad Region"]
[Site "Hungary"]
[Date "2015.09.20"]
[Round "1.5"]
[White "Vidakovics, Istvan"]
[Black "Balogh, Ferenc"]
[Result "1/2-1/2"]
[WhiteElo "1966"]
[BlackElo "1870"]
[PlyCount "124"]
[EventDate "2015.09.20"]
[EventType "team-tourn"]
[EventRounds "9"]
[EventCountry "HUN"]
[SourceTitle "EXT 2017"]
[Source "ChessBase"]
[SourceDate "2016.10.25"]
[SourceVersion "1"]
[SourceVersionDate "2016.10.25"]
[SourceQuality "1"]

1. d4 Nf6 2. c4 e5 3. dxe5 Ng4 4. Bf4 Nc6 5. Nf3 Bb4+ 6. Nc3 Qe7 7. Qd5 Bxc3+ 8. bxc3 f6 9. exf6 Nxf6 10. Qd3 d6 11. g3 Ne4 12. Bg2 Nc5 13. Qe3 0-0 14. Qxe7 Nxe7 15. Nd4 a6 16. 0-0 h6 17. h4 Rb8 18. Rfe1 Ne6 19. Bd2 Nc5 20. Rab1 Bg4 21. Nb3 Nd7 22. Bf4 b6 23. Nd4 Nc5 24. Be3 Bd7 25. Nb3 Ne6 26. Bd5 Kh7 27. Bd2 Rf6 28. Bg2 Re8 29. Bh3 Ref8 30. f4 Bc8 31. Bg2 Bd7 32. Nd4 Nc5 33. Bc1 Na4 34. Bd2 Nc5 35. Rbc1 Be6 36. Nxe6 Nxe6 37. Be3 g6 38. Kh2 Ng7 39. Bf2 Rf5 40. e4 Ra5 41. Rc2 g5 42. hxg5 hxg5 43. f5 Nc6 44. Bd4 Ne5 45. Bxe5 Rxe5 46. g4 Ne8 47. Bf3 Kg7 48. Kg3 Rh8 49. Rd2 Nf6 50. Kg2 Rh4 51. Kg3 Kf7 52. Re3 Ke7 53. Rb2 Kd7 54. Rb1 Kc6 55. Rd1 Kc5 56. Rd4 Kc6 57. Rd2 Kd7 58. Rd1 Ke7 59. a4 Ra5 60. Rd2 Rc5 61. Rd4 Ra5 62. Rd2 Nd7 1/2-1/2

[Event "HUN-chT2 Barcza 1415"]
[Site "Hungary"]
[Date "2014.11.16"]
[Round "4.11"]
[White "Balogh, Ferenc"]
[Black "Pap, Kristof"]
[Result "0-1"]
[WhiteElo "1541"]
[BlackElo "1540"]
[PlyCount "62"]
[EventDate "2014.09.07"]
[EventType "team-tourn"]
[EventRounds "11"]
[EventCountry "HUN"]
[SourceTitle "EXT 2016"]
[Source "ChessBase"]
[SourceDate "2015.10.08"]
[SourceVersion "1"]
[SourceVersionDate "2015.10.08"]
[SourceQuality "1"]
[WhiteTeam "Tiszavasvar"]
[BlackTeam "Mezokovesd"]
[WhiteTeamCountry "HUN"]
[BlackTeamCountry "HUN"]

1. d4 Nf6 2. f4 d6 3. Nf3 g6 4. e3 Bg7 5. Bd3 0-0 6. 0-0 Nbd7 7. f5 e5 8. fxe6 fxe6 9. Ng5 Nb6 10. e4 e5 11. d5 c6 12. c4 Bg4 13. Qe1 Qe7 14. h3 Bd7 15. Nc3 Nh5 16. Ne2 Rxf1+ 17. Qxf1 Rf8 18. Nf3 cxd5 19. cxd5 Kh8 20. Bg5 Bf6 21. Bxf6+ Rxf6 22. Nc3 Qf7 23. Kh2 g5 24. Bb5 Bxh3 25. Nxg5 Qg6 26. Qd3 Bxg2 27. Rg1 Nf4 28. Qg3 Qh5+ 29. Nh3 Nxh3 30. Be2 Qh6 31. Rxg2 Nf2+ 0-1

[Event "HUN-chT2 Toth 1314"]
[Site "Hungary"]
[Date "2013.11.17"]
[Round "5.5"]
[White "Balogh, Ferenc"]
[Black "Czegledi, Laszlo"]
[Result "0-1"]
[WhiteElo "1952"]
[BlackElo "2139"]
[PlyCount "94"]
[EventDate "2013.09.08"]
[EventType "team-tourn"]
[EventRounds "11"]
[EventCountry "HUN"]
[SourceTitle "EXT 2016"]
[Source "ChessBase"]
[SourceDate "2015.10.08"]
[SourceVersion "1"]
[SourceVersionDate "2015.10.08"]
[SourceQuality "1"]
[WhiteTeam "Csongrad Felegyhaza"]
[BlackTeam "Ujszasz"]
[WhiteTeamCountry "HUN"]
[BlackTeamCountry "HUN"]

1. d4 Nf6 2. Nf3 e6 3. c4 b6 4. Nc3 Bb7 5. Bg5 d5 6. e3 h6 7. Bf4 Be7 8. Bd3 c5 9. 0-0 0-0 10. cxd5 exd5 11. Rc1 c4 12. Bb1 a6 13. Qc2 b5 14. Ne5 Re8 15. g4 Nbd7 16. g5 hxg5 17. Bxg5 Nf8 18. f3 N6d7 19. Bf4 Bf6 20. Nxd7 Qxd7 21. Rf2 Qh3 22. Qf5 Qxf5 23. Bxf5 Ne6 24. Be5 Bxe5 25. dxe5 d4 26. Bxe6 dxc3 27. Bg4 cxb2 28. Rxb2 Rxe5 29. Kf2 f5 30. f4 Rc5 31. Be2 Bd5 32. Rd2 c3 33. Rxd5 Rxd5 34. Rxc3 Rd2 35. Ra3 a5 36. Kf3 Rb2 37. Rc3 Rb8 38. Rc5 g6 39. h4 a4 40. h5 a3 41. hxg6 Rxa2 42. Bxb5 Rb2 43. Bc4+ Kg7 44. Ra5 Rh8 45. Ra7+ Kxg6 46. Ra6+ Kg7 47. Ra7+ Kf6 0-1

[Event "HUN-chT2 Toth 1213"]
[Site "Hungary"]
[Date "2012.11.18"]
[Round "4.6"]
[White "Kerekes, Attila"]
[Black "Balogh, Ferenc"]
[Result "1-0"]
[WhiteElo "2099"]
[BlackElo "1777"]
[PlyCount "63"]
[EventDate "2012.09.16"]
[EventType "team-tourn"]
[EventRounds "11"]
[EventCountry "HUN"]
[SourceTitle "EXT 2014"]
[Source "ChessBase"]
[SourceDate "2013.11.20"]
[SourceVersion "1"]
[SourceVersionDate "2013.11.20"]
[SourceQuality "1"]
[WhiteTeam "Bekes"]
[BlackTeam "Felegyhaza Csongrad"]
[WhiteTeamCountry "HUN"]
[BlackTeamCountry "HUN"]

1. e4 d5 2. exd5 Qxd5 3. Nc3 Qd8 4. d4 Nf6 5. Nf3 Bg4 6. Be2 e6 7. h3 Bf5 8. Nh4 Bg6 9. Nxg6 hxg6 10. Be3 c6 11. 0-0 Qc7 12. Qd3 Bd6 13. Ne4 Nxe4 14. Qxe4 Nd7 15. c4 Nf6 16. Qf3 0-0-0 17. c5 Bh2+ 18. Kh1 Nd5 19. g3 Rxh3 20. Kg2 Rdh8 21. Rh1 f5 22. Bc4 Qe7 23. Bxd5 exd5 24. Bf4 g5 25. Rae1 Qf6 26. Bd6 g4 27. Qe3 g5 28. Be5 f4 29. Bxf6 fxe3 30. Bxh8 exf2 31. Re8+ Kd7 32. Rf8 1-0

[Event "HUN-chT2 Toth 1112"]
[Site "Hungary"]
[Date "2012.04.22"]
[Round "9.12"]
[White "Balogh, Ferenc"]
[Black "Balogh, Judit Dora"]
[Result "1-0"]
[WhiteElo "2009"]
[BlackElo "1290"]
[PlyCount "67"]
[EventDate "2011.09.25"]
[EventType "team-tourn"]
[EventRounds "11"]
[EventCountry "HUN"]
[SourceTitle "EXT 2013"]
[Source "ChessBase"]
[SourceDate "2012.11.22"]
[SourceVersion "1"]
[SourceVersionDate "2012.11.22"]
[SourceQuality "1"]
[WhiteTeam "KHTK"]
[BlackTeam "Maroczy II"]
[WhiteTeamCountry "HUN"]
[BlackTeamCountry "HUN"]

1. e4 e5 2. f4 d6 3. Nf3 Nc6 4. Bc4 Bd7 5. d4 exd4 6. Nxd4 g6 7. 0-0 Bg7 8. c3 Qe7 9. Re1 0-0-0 10. Bd5 Nxd4 11. cxd4 Nf6 12. Nc3 Nxd5 13. Nxd5 Qf8 14. Be3 Re8 15. Rc1 c6 16. e5 Kb8 17. Nc3 d5 18. Na4 f5 19. Nc5 Bc8 20. Rc3 Qf7 21. Qa4 a6 22. Qb3 Ka7 23. a4 Rhf8 24. Bd2 Qc7 25. Rh3 Rh8 26. Qg3 Qb6 27. b4 Ka8 28. Qa3 Re7 29. Rb3 Qc7 30. Rc1 Rf8 31. b5 a5 32. b6 Qb8 33. Rb2 Rff7 34. Qc3 1-0

[Event "HUN-chT2 Toth 1112"]
[Site "Hungary"]
[Date "2012.03.25"]
[Round "8.7"]
[White "Kovacs, Gabor1111"]
[Black "Balogh, Ferenc"]
[Result "0-1"]
[WhiteElo "1913"]
[BlackElo "2009"]
[PlyCount "50"]
[EventDate "2011.09.25"]
[EventType "team-tourn"]
[EventRounds "11"]
[EventCountry "HUN"]
[SourceTitle "EXT 2013"]
[Source "ChessBase"]
[SourceDate "2012.11.22"]
[SourceVersion "1"]
[SourceVersionDate "2012.11.22"]
[SourceQuality "1"]
[WhiteTeam "Toth Laszlo"]
[BlackTeam "KHTK"]
[WhiteTeamCountry "HUN"]
[BlackTeamCountry "HUN"]

1. e4 e5 2. Nf3 Nc6 3. d4 exd4 4. Nxd4 Qh4 5. Nc3 Bb4 6. Ndb5 Qxe4+ 7. Be2 Bxc3+ 8. bxc3 Kd8 9. 0-0 Nge7 10. Re1 a6 11. Nd4 h6 12. Ba3 d6 13. Bf3 Qf4 14. Re4 Qf6 15. Qd2 Bd7 16. Rae1 g5 17. Bb2 Ne5 18. c4 Kc8 19. Ba1 Qg6 20. Qc3 f5 21. Rxe5 dxe5 22. Rxe5 Re8 23. Rxe7 Rxe7 24. Bxb7+ Kxb7 25. Qb4+ Qb6 0-1

[Event "HUN-chT2 Toth 1112"]
[Site "Hungary"]
[Date "2012.03.11"]
[Round "7.7"]
[White "Balogh, Ferenc"]
[Black "Csiki, Levente"]
[Result "0-1"]
[WhiteElo "2009"]
[BlackElo "1863"]
[PlyCount "74"]
[EventDate "2011.09.25"]
[EventType "team-tourn"]
[EventRounds "11"]
[EventCountry "HUN"]
[SourceTitle "EXT 2013"]
[Source "ChessBase"]
[SourceDate "2012.11.22"]
[SourceVersion "1"]
[SourceVersionDate "2012.11.22"]
[SourceQuality "1"]
[WhiteTeam "KHTK"]
[BlackTeam "Keviterv"]
[WhiteTeamCountry "HUN"]
[BlackTeamCountry "HUN"]

1. e4 e5 2. f4 exf4 3. Nf3 c6 4. d4 g5 5. Bc4 d5 6. exd5 cxd5 7. Bb5+ Nc6 8. 0-0 Bg7 9. a3 Bg4 10. c3 Nf6 11. Qa4 h6 12. Bxc6+ bxc6 13. Qxc6+ Bd7 14. Re1+ Kf8 15. Qd6+ Kg8 16. Nbd2 Bf8 17. Qa6 Kg7 18. Ne5 Bc8 19. Qd3 Bd6 20. Ndf3 Re8 21. Bd2 Qb6 22. Kh1 Qb7 23. g3 Ne4 24. Kg2 Bxe5 25. Nxe5 f6 26. Nf3 g4 27. Bxf4 gxf3+ 28. Qxf3 Qxb2+ 29. Kg1 Bd7 30. Qh5 Ng5 31. Bxg5 hxg5 32. Qf3 Rac8 33. Rf1 f5 34. Rac1 Rh8 35. h4 gxh4 36. g4 h3 37. Qxd5 h2+ 0-1

[Event "HUN-chT2 Toth 1011"]
[Site "Hungary"]
[Date "2011.05.15"]
[Round "11.6"]
[White "Balogh, Ferenc"]
[Black "Miklos, Csaba"]
[Result "0-1"]
[WhiteElo "1995"]
[BlackElo "2052"]
[PlyCount "64"]
[EventDate "2010.09.12"]
[EventType "team-tourn"]
[EventRounds "11"]
[EventCountry "HUN"]
[SourceTitle "EXT 2012"]
[Source "ChessBase"]
[SourceDate "2011.11.24"]
[SourceVersion "1"]
[SourceVersionDate "2011.11.24"]
[SourceQuality "1"]
[WhiteTeam "Csongrad Felegyhaza"]
[BlackTeam "Takisz"]
[WhiteTeamCountry "HUN"]
[BlackTeamCountry "HUN"]

1. e4 c5 2. Nf3 e6 3. c3 Nc6 4. d4 cxd4 5. cxd4 d5 6. exd5 Qxd5 7. Nc3 Bb4 8. Be3 Qa5 9. Bd2 Qd8 10. Bb5 a6 11. Bxc6+ bxc6 12. 0-0 Ne7 13. Bg5 0-0 14. Rc1 Qc7 15. Qa4 a5 16. a3 Bd6 17. b4 Bb7 18. b5 cxb5 19. Nxb5 Qd7 20. Bxe7 Qxe7 21. Nxd6 Qxd6 22. Rfe1 Bxf3 23. gxf3 Qf4 24. Rc3 Rad8 25. Re4 Qg5+ 26. Rg4 Qd2 27. Qc4 Rd5 28. Rd3 Qe1+ 29. Kg2 h5 30. Rh4 Rg5+ 31. Rg4 hxg4 32. f4 Rf5 0-1

[Event "HUN-chT2 Toth 1011"]
[Site "Hungary"]
[Date "2011.04.10"]
[Round "8.5"]
[White "Balogh, Ferenc"]
[Black "Olah, Bela Janos"]
[Result "1-0"]
[WhiteElo "1995"]
[BlackElo "1934"]
[PlyCount "79"]
[EventDate "2010.09.12"]
[EventType "team-tourn"]
[EventRounds "11"]
[EventCountry "HUN"]
[SourceTitle "EXT 2012"]
[Source "ChessBase"]
[SourceDate "2011.11.24"]
[SourceVersion "1"]
[SourceVersionDate "2011.11.24"]
[SourceQuality "1"]
[WhiteTeam "Csongrad Felegyhaza"]
[BlackTeam "Bekes"]
[WhiteTeamCountry "HUN"]
[BlackTeamCountry "HUN"]

1. e4 e6 2. Nf3 d5 3. exd5 exd5 4. d4 Nf6 5. Bd3 Be7 6. 0-0 0-0 7. Ne5 Nbd7 8. f4 Ne4 9. Nc3 Nxc3 10. bxc3 f5 11. Qh5 Nf6 12. Qe2 c5 13. c4 Kh8 14. Bb2 cxd4 15. cxd5 Qxd5 16. Bc4 Qe4 17. Nf7+ Rxf7 18. Qxe4 fxe4 19. Bxf7 Bc5 20. Rad1 Bg4 21. Rxd4 Rd8 22. c3 Nd5 23. Bxd5 Rxd5 24. Kf2 Bxd4+ 25. cxd4 Ra5 26. Ra1 h5 27. Ke3 Bf5 28. Kd2 Be6 29. a3 Kh7 30. Re1 Bd5 31. Re3 Rb5 32. Kc2 Kg6 33. Bc3 Rb3 34. Rg3+ Kf6 35. Rg5 Rb5 36. Kd2 g6 37. a4 e3+ 38. Kd3 Rb3 39. Rxd5 e2 40. Re5 1-0

[Event "HUN-chT2 Toth 0910"]
[Site "Hungary"]
[Date "2010.01.31"]
[Round "5.8"]
[White "Hajdu, Sandor"]
[Black "Balogh, Ferenc"]
[Result "0-1"]
[WhiteElo "1946"]
[BlackElo "2038"]
[PlyCount "57"]
[EventDate "2009.11.08"]
[EventType "team-tourn"]
[EventRounds "11"]
[EventCountry "HUN"]
[SourceTitle "EXT 2011"]
[Source "ChessBase"]
[SourceDate "2010.11.26"]
[SourceVersion "1"]
[SourceVersionDate "2010.11.26"]
[SourceQuality "1"]
[WhiteTeam "Szentes Spartacus"]
[BlackTeam "Kkfhazi Honved"]
[WhiteTeamCountry "HUN"]
[BlackTeamCountry "HUN"]

1. Nf3 d5 2. c4 d4 3. b4 a5 4. b5 c5 5. e3 dxe3 6. fxe3 Bg4 7. Be2 Nf6 8. 0-0 e6 9. Nc3 Nbd7 10. d4 b6 11. d5 Qc7 12. Ng5 Bxe2 13. Qxe2 Qe5 14. e4 h6 15. Nf3 Qxc3 16. Bb2 Qb4 17. Rab1 Qa4 18. dxe6 fxe6 19. e5 Ng8 20. Rfc1 Ne7 21. Rc3 g5 22. Ra3 Qb4 23. Rb3 Qa4 24. Nd2 0-0-0 25. Ne4 Nf5 26. Nd6+ Bxd6 27. exd6 Qxa2 28. Qe4 Qxb3 29. Bxh8 0-1